1521 1991 1704 1955 1128 1871 1288 1068 1871 1296 1682 1845 1391 1502 1193 1912 1107 1222 1914 1109 1471 1566 1341 1320 1708 1297 1206 1200 1391 1708 1081 1298 1522 2000 1697 1476 1089 1928 1676 1642 1865 1773 1080 1669 1675 1056 1996 1944 1875 1953 1053 1740 1471 1573 1917 1530 1153 1853 1275 1707 1899 1706 1118 1412 1593 1565 1794 1789 1974 1412 1575 1672 1245 1964 1047 1471 1433 1841 1827 1544 1618 1066 1414 1677 1215 1277 1030 1519 1474 1796 1152 1466 1443 1135 1559 1690 1788 1589 1610 BCNSPRNW ULIB Ver.6.0+V

เปลี่ยนเป็นภาษาไทย

Change to English
 แสดงรายละเอียดบรรณานุกรม
  กลับหน้าหลัก

Brief Record : Get Marc (ISO 2709) : E-mail record : QR code < ปิดหน้าต่าง
LEADER : 00000nam 2200000uu 4500
001    13399115216
003     ULIB
008    120731s2552||||th 000 0 tha d
020    ^a9789743197468
090    ^aนว.^bฉ330ช 2552
100 0  ^aซินฉ่ง
245 00 ^aชิงใจครอบครองรัก /^cฉี่เยี่ยน
250    ^aพิมพ์ครั้งที่ 1
260    ^aกรุงเทพฯ :^bแจ่มใส,^c2552
300    ^a202 หน้า
700 0  ^aจันทร์กลางน้ำ ;^eแปล
710 1  ^aแจ่มใส
945    ^p129^l0^i16429
995    ^aกัณชพร
999    ^aใช้งานได้ทุกระบบ
รายการนี้ยังไม่มีแท็ก
คุณยังไม่ได้ล็อกอิน คุณสามารถมีกิจกรรมร่วมกับเว็บไซต์ได้ แต่ต้องล็อกอินก่อน ::
  ล็อกอิน

รายการสื่อสารสนเทศ

ลำดับที่ ประเภท เลขเรียก/บาร์โค้ด สถานที่ สถานะ
1. วิทยาศาสตร์การแพทย์ และสุขภาพ
วิทยาศาสตร์การแพทย์ และสุขภาพ
นว. ฉ330ช 2552  
  Barcode: 16429
ห้องสมุดวิทยาเขตสวรรค์ประชารักษ์
►นวนิยาย
บนชั้น
  ขอยืม

รายการใกล้เคียง
    ผู้แต่ง [ซินฉ่ง]

BibComment


ยังไม่เคยถูกคอมเมนท์

คอมเมนท์ทรัพยากรรายการนี้
  คอมเมนท์: ชิงใจครอบครองรัก..


 Copyright 2026. Bcnsprnw @Library